Vzdelávacie štandardy v dimenziách novej spoločnosti

Formovanie učiacej sa, znalostnej a kreatívnej spoločnosti ako priorita pre všetky členské krajiny Európskej únie. Identifikovanie základných rámcov vzdelávacích štandardov v dimenziách sociálnej kvality, prostredníctvom ktorých by bolo schodné danú víziu i implementovať.

Saved in:
Bibliographic Details
Main Author: Antalová, Mária, 1952-
Format: Book Chapter
Language:Slovak
Subjects:
Tags: Add Tag
No Tags, Be the first to tag this record!

MARC

LEADER 00000nla a2200000 4500
001 0226680
005 20240502103704.9
041 0 |a slo 
044 |a SK 
245 1 0 |a Vzdelávacie štandardy v dimenziách novej spoločnosti  |c Mária Antalová 
520 |a Formovanie učiacej sa, znalostnej a kreatívnej spoločnosti ako priorita pre všetky členské krajiny Európskej únie. Identifikovanie základných rámcov vzdelávacích štandardov v dimenziách sociálnej kvality, prostredníctvom ktorých by bolo schodné danú víziu i implementovať. 
610 2 0 |a spoločnosť vedomostná 
610 2 0 |a kapitál ľudský 
610 2 0 |a kompetentnosť sociálna 
610 2 0 |a rozvoj sociálno-ekonomický 
610 2 0 |a kvalita sociálna 
610 2 0 |a vzdelávanie 
100 1 |a Antalová, Mária, 1952-